000
00315nam a2200133Ia 4500
008
191201s1993 xx 000 0 und d
100
_a
VENKATARMAN,G
245
0
_a
Chandrasekhar and His Limit
250
_a
Rep
260
_a
N. Delhi
_b
University Press
_c
1993
300
_a
139
650
_a
Applied
942
_2
ddc
_c
BK
999
_c
685
_d
685